An introduction to optimization / (Record no. 599864)
[ view plain ]
| 000 -LEADER | |
|---|---|
| fixed length control field | 00283nam a2200109Ia 4500 |
| 008 - FIXED-LENGTH DATA ELEMENTS--GENERAL INFORMATION | |
| fixed length control field | 230907s9999||||xx |||||||||||||| ||und|| |
| 082 ## - DEWEY DECIMAL CLASSIFICATION NUMBER | |
| Classification number | 519.6 |
| Author Mark | CHO |
| 100 ## - MAIN ENTRY--PERSONAL NAME | |
| Personal name | Chong, Edwin Kah Pin. |
| 9 (RLIN) | 98745 |
| 245 #3 - TITLE STATEMENT | |
| Title | An introduction to optimization / |
| 300 ## - PHYSICAL DESCRIPTION | |
| Extent | xv, 622 pages : |
| 942 ## - ADDED ENTRY ELEMENTS (KOHA) | |
| Koha item type | Book |
| Withdrawn status | Lost status | Damaged status | Not for loan | Permanent Location | Current Location | Date acquired | Total Checkouts | Full call number | Barcode | Date last seen | Price effective from | Koha item type |
|---|---|---|---|---|---|---|---|---|---|---|---|---|
| US-Pakistan Center for Advanced Studies in Energy (USPCAS-E) | US-Pakistan Center for Advanced Studies in Energy (USPCAS-E) | 10/24/2019 | 519.6 CHO | CAS-E0003963 | 09/12/2023 | 09/12/2023 | Book |
